| 000 | 01326nam a22003377a 4500 | ||
|---|---|---|---|
| 003 | CHAP | ||
| 005 | 20240503120057.0 | ||
| 008 | 110919s2009 es a r 00010 spa d | ||
| 010 | _a102134 | ||
| 011 | _a103106 | ||
| 035 | _a113795 | ||
| 040 | _cCHAP | ||
| 082 | 0 | 4 |
_a362.1 _bOc19 |
| 110 | 1 |
_aOrganización para la Cooperación y el Desarrollo Económicos. París _983559 |
|
| 245 | 1 | 0 |
_aPanorama de la salud 2007 : _blos indicadores de la OCDE _c/por Organización para la Cooperación y el Desarrollo Económicos |
| 260 |
_aMadrid, Esp. : _bOCDE, _c2009 |
||
| 300 |
_a194 p. : _bilus., gráfs. tablas, + CD (4 3/4 Plg.) |
||
| 500 | _aConsulta del CD en: http://ceres.chapingo.mx (Material complementario del libro impreso) Gobierno de España MINISTERIO DE SANIDAD Y POLÍTICA SOCIAL. | ||
| 534 |
_pTít. original _tHealth a a Glance -- OCDE indicators 2007 |
||
| 590 |
_aBATCH-UPD _b10 _c20130110 |
||
| 590 |
_aBATCH-UPD _b10 _c20130410 |
||
| 590 |
_aBATCH-UPD _b10 _c20130914 |
||
| 590 |
_aCONVERSION _b10 _c20130109 |
||
| 650 | 1 | 4 |
_aEspaña _xCondiciones sociales. _937697 |
| 650 | 1 | 4 |
_aPolítica social. _990696 |
| 650 | 1 | 4 |
_aSalud pública. _9101813 |
| 650 | 1 | 4 |
_aSeguridad social. _9103676 |
| 901 | _aBK | ||
| 942 |
_cLIBRO _2ddc |
||
| 949 |
_a362.1 Oc19 _bBC _cLIBRO _d33724002311040 _eLIBRO _h115839 _i113795 _si |
||
| 999 |
_c102134 _d102134 |
||